1030 1718 1235 1201 1852 1956 1889 1559 1032 1377 1512 1749 1924 1016 1253 1450 1634 1335 1559 1467 1123 1943 1031 1887 1337 1621 1246 1620 1828 1902 1621 1363 1520 1124 1234 1490 1014 1370 1935 1109 1520 1122 1101 1936 1378 1008 1189 1254 1069 1790 1971 1663 1713 1030 1290 1921 1871 1576 1784 1901 1349 1161 1280 1249 1795 1655 1318 1752 1351 1679 1923 1451 1641 1766 1539 1587 1575 1427 1164 1206 1715 1725 1179 1063 1258 1171 1341 1975 1649 1408 1407 1075 1744 1838 1178 1867 1906 1927 1068 BCNSPRNW ULIB Ver.6.0+V

เปลี่ยนเป็นภาษาไทย

Change to English
 แสดงรายละเอียดบรรณานุกรม
  กลับหน้าหลัก

Brief Record : Get Marc (ISO 2709) : E-mail record : QR code < ปิดหน้าต่าง
LEADER : 00000nam 2200000uu 4500
001    13399112189
003     ULIB
008    110729s2550||||th 000 0 tha d
020    9789744140333
040    cl
050  4 HD42^bช446ก 2550
100 0  ชัยเสฏฐ์ พรหมศรี
245 10 การจัดการความขัดแย้งในองค์กร =^bConflict management /^cชัยเสฏฐ์ พรหมศรี
246 31 Conflict management
250    พิมพ์ครั้งที่ 1
260    กรุงเทพฯ :^bเอ็กซเปอร์เน็ท,^c2550
300    117 หน้า :^bภาพประกอบ ;^c22 ซม.
650  4 การบริหารความขัดแย้ง
650  4 การจัดการองค์การ
945    ^p115^l0^i023082
945    ^p115^l0^i023083
995    ทศพร
999 ^a ทศพร
รายการนี้ยังไม่มีแท็ก
คุณยังไม่ได้ล็อกอิน คุณสามารถมีกิจกรรมร่วมกับเว็บไซต์ได้ แต่ต้องล็อกอินก่อน ::
  ล็อกอิน

รายการสื่อสารสนเทศ

ลำดับที่ ประเภท เลขเรียก/บาร์โค้ด สถานที่ สถานะ
1. การศึกษาทั่วไป
การศึกษาทั่วไป
HD42 ช446ก 2550 ฉ.2 
  Barcode: 023083
ห้องสมุดวิทยาเขตนครสวรรค์
►หนังสือทั่วไป:l:General Books
บนชั้น

รายการใกล้เคียง
    ผู้แต่ง [ชัยเสฏฐ์ พรหมศรี]

    หัวเรื่อง [การบริหารความขัดแย้ง]
    หัวเรื่อง [การจัดการองค์การ]

BibComment


ยังไม่เคยถูกคอมเมนท์

คอมเมนท์ทรัพยากรรายการนี้
  คอมเมนท์: การจัดการความขัดแ..


 Copyright 2026. Bcnsprnw @Library